000 00520nam a2200217Ia 4500
003 IT-RoPAU
008 120407s9999 xx 000 0 und d
040 _aIT-RoPAU
040 _cIT-RoPAU
041 _aita
100 _aClement Dillenschneider
245 _aIl nostro sacerdzio nel sacerdozio di Cristo .vol. II. La nostra spiritualità sacerdotale
250 _aBologna
260 _aDehoniane
260 _c1964
300 _a239 p.
300 _c22 cm
490 _v1
942 _cBK
999 _c29950
_d29950